000 00799nam a2200217Ia 4500
003 GCL
008 140319s9999 xx 000 0 ara d
020 _a8483101977
040 _aGCL /
_cGCL
082 0 4 _aق
_b070.4962
_bن ص
100 1 _aنجوى كامل
245 1 0 _aالصحافة الوفدية والقضايا الوطنية 1919 - 1936 /
_cنجوى كامل
260 _aالقاهرة :
_bالهيئة المصرية العامة للكتاب ،
_c1996
300 _a205 ص ؛
_c22 سم
490 _aتاريخ المصريين
_v92
650 0 4 _aالصحافة المصرية
650 0 4 _aالصحافة - الجوانب السياسية
650 0 4 _aمصر - الاحوال السياسية
650 0 4 _aالصحافة - قوانين وتشريعات
942 _2ddc
_cBK
999 _c42726
_d42726